Calciatori e Anno di nascita - Quiz n°16 - Statistics

Statistiche generali
  • Questo quiz è stato fatto 8 volte
  • Il punteggio medio è 5 su 10
Statistiche sulle risposte
Hint Risposta % Corretto
Sandro Tonali 2000
75%
Christian Maggio 1982
63%
Kristjan Asllani 2002
63%
Sergio Floccari 1981
50%
Rolando Mandragora 1997
50%
Son Heung-min 1992
38%
Marcus Rashford 1997
38%
Festy Ebosele 2002
38%
Yerry Mina 1994
25%
Teun Koopmeiners 1998
25%
Nessun quiz corrispondente trovato
Distribuzione punteggi
Percentuale di utenti per punteggio
Percentile per numero di risposta
I tuoi punteggi nel tempo
Non hai fatto questo quiz